A list of the names of all such proprietors of the Bank of England : who are qualified to vote at the ensuing election, to be made of governor and deputy-governor, on Tuesday the 13th of April ; and of directors on Wednesday the 14th of April : together with an abstract of the by-laws concerning elections, for the better direction of members in giving their votes.

Bibliographic Details
Corporate Author: Bank of England
Format: eBook
Language:English
Published: London : J. March and Son, [1790]
Series:Making of the modern world (Goldsmiths'-Kress Library of Economic Literature)
Subjects:
Online Access:Connect to the full text of this electronic book

MARC

Tag First Indicator Second Indicator Subfields
LEADER 00000cam a2200000Ia 4500
001 in00002308913
005 20190326202159.0
006 m | d |
007 cr |n||||||||n
008 901001s1790 enk s 000 0 eng d
040 |a TXA  |c GKS  |d OCL  |d Thomson Gale  |d UtOrBLW 
043 |a e-uk--- 
110 2 |a Bank of England. 
245 1 2 |a A list of the names of all such proprietors of the Bank of England :  |b who are qualified to vote at the ensuing election, to be made of governor and deputy-governor, on Tuesday the 13th of April ; and of directors on Wednesday the 14th of April : together with an abstract of the by-laws concerning elections, for the better direction of members in giving their votes. 
264 1 |a London :  |b J. March and Son,  |c [1790] 
300 |a 18 pages 
336 |a text  |b txt  |2 rdacontent 
337 |a computer  |b c  |2 rdamedia 
338 |a online resource  |b cr  |2 rdacarrier 
500 |a Caption title. Imprint from colophon. 
500 |a Dated at head of list: March 30th, 1790. 
500 |a Reproduction of original from Goldsmiths' Library, University of London. 
500 |a Goldsmiths'-Kress number 14211. 
510 4 |a OCLC,  |c 22456287 
533 |a Electronic reproduction.  |b Farmington Hills, Mich. :  |c Thomson Gale,  |d 2005.  |f (The making of the modern world).  |n Available via the World Wide Web.  |n Access limited to licensing agreements.  |7 s2005 miunns 
500 |a Electronic resource. 
610 2 0 |a Bank of England  |x Officials and employees  |v Registers. 
610 2 0 |a Bank of England  |v By-laws. 
650 0 |a Stockholders' meetings  |z England. 
655 0 |a Electronic books. 
830 0 |a Making of the modern world (Goldsmiths'-Kress Library of Economic Literature) 
856 4 0 |u http://proxy.library.tamu.edu/login?url=http://galenet.galegroup.com/servlet/MOME?af=RN&ae=U102288436&srchtp=a&ste=14&locID=txshracd2898  |z Connect to the full text of this electronic book  |t 0 
999 |a MARS 
999 f f |s 6c07f28a-6f61-38ed-a61d-117cc11d4af3  |i f544633c-42b9-3694-9004-63c8c0cfc4db  |t 0 
952 f f |a Texas A&M University  |b College Station  |c Electronic Resources  |d Available Online  |t 0  |h No information provided 
998 f f |t 0  |l Available Online